The world trade organization

Na minha lista:
Detalhes bibliográficos
Autor principal: Macrory, Patrick F. J.
Formato: Livro
Idioma:Undetermined
Publicado em: New York Springer 2005
Assuntos:
Tags: Adicionar Tag
Sem tags, seja o primeiro a adicionar uma tag!
Thư viện lưu trữ: Trung tâm Học liệu Trường Đại học Cần Thơ
LEADER 00602nam a2200193Ia 4500
001 CTU_88087
008 210402s9999 xx 000 0 und d
020 |c 853.06 
082 |a 382.92 
082 |b M174/Vol.2 
100 |a Macrory, Patrick F. J. 
245 4 |a The world trade organization 
245 0 |c Patrick F. J. Macrory, Arthur E. Appleton, Michael G. Plummer 
260 |a New York 
260 |b Springer 
260 |c 2005 
650 |a World trade organization,Forgein trade regulation,International trade 
904 |i Tuyến 
980 |a Trung tâm Học liệu Trường Đại học Cần Thơ